Je život "na 2 kliky" skutočne výhra?
Internet a jeho aplikácie. Internet of things (internet vecí) ako novodobý fenomén, ktorý ovplyvňuje nielen naše zvyky, spotrebiteľské správanie, životný štýl ale aj firmy, ktoré musia zmeniť uhol pohľadu na podnikanie.
Enregistré dans:
| Auteur principal: | |
|---|---|
| Format: | Chapitre de livre |
| Langue: | slovaque |
| Sujets: | |
| Tags: |
Pas de tags, Soyez le premier à ajouter un tag!
|
MARC
| LEADER | 00000naa a2200000 4500 | ||
|---|---|---|---|
| 001 | 0241374 | ||
| 005 | 20180322074512.1 | ||
| 041 | 0 | |a slo | |
| 044 | |a SK | ||
| 245 | 1 | 0 | |a Je život "na 2 kliky" skutočne výhra? |c Mária Boťanská |
| 520 | |a Internet a jeho aplikácie. Internet of things (internet vecí) ako novodobý fenomén, ktorý ovplyvňuje nielen naše zvyky, spotrebiteľské správanie, životný štýl ale aj firmy, ktoré musia zmeniť uhol pohľadu na podnikanie. | ||
| 610 | 2 | 0 | |a internet |
| 610 | 2 | 0 | |a stratégia podniková |
| 610 | 2 | 0 | |a stratégia podnikateľská |
| 610 | 2 | 0 | |a technológie informačné |
| 610 | 2 | 0 | |a technológie komunikačné |
| 610 | 2 | 0 | |a technológie nové |
| 610 | 2 | 0 | |a technológie znalostné |
| 100 | 1 | |a Boťanská, Mária | |